| 000 | 00463nam a2200181Ia 4500 | ||
|---|---|---|---|
| 008 | 220531s9999 xx 000 0 und d | ||
| 041 | _aeng | ||
| 082 | _bKOT / SHA | ||
| 100 |
_aKotibhaskar J. V. / Shah P. K. _943292 |
||
| 245 | _aAdvanced Accountancy. | ||
| 250 | _a1ST | ||
| 260 |
_bPhadke _c1999 |
||
| 300 | _a616 | ||
| 542 | _d01-01-2010 | ||
| 650 |
_aAccountancy _943293 |
||
| 906 |
_d2009-2010 _d2014-2015 _eWrite Off _f8092 |
||
| 999 |
_c25739 _d25739 |
||